F1: Force India Formula one drivers - Statistics

General Stats
  • This quiz has been taken 49 times
  • The average score is 5 of 7
Answer Stats
Picture Answer % Correct
Esteban Ocon
95%
Nico Hulkenberg
95%
Sergio Perez
95%
Giancarlo Fisichella
70%
Paul di Resta
68%
Adrian Sutil
61%
Vietantonio Liuzzi
43%
No matching quizzes found
Score Distribution
Percent of People with Each Score
Percentile by Number Answered
Your Score History
You have not taken this quiz